书目信息 |
| 题名: |
普通遗传学
|
|
| 作者: | 张飞雄 主编 | |
| 分册: | ||
| 出版信息: | 北京 科学出版社 2004.09 |
|
| 页数: | 227页 | |
| 开本: | 30cm | |
| 丛书名: | 高等师范院校新世纪教材 | |
| 单 册: | ||
| 中图分类: | Q3 | |
| 科图分类: | ||
| 主题词: | 遗传学--高等师范教育--教材 | |
| 电子资源: | ||
| ISBN: | 7-03-014129-6 | |
| 000 | 00957nam 2200289 450 | |
| 001 | 0170566671 | |
| 005 | 20051110092023.24 | |
| 010 | @a7-03-014129-6@dCNY24.00 | |
| 100 | @a20050319d2004 km y0chiy0120 ea | |
| 101 | 0 | @achi |
| 102 | @aCN@b110000 | |
| 105 | @aa a 000yy | |
| 200 | 1 | @a普通遗传学@Apu tong yi chuan xue@f张飞雄主编@Fzhang fei xiong zhu bian |
| 210 | @a北京@c科学出版社@d2004.09 | |
| 215 | @a227页@c图@d30cm | |
| 225 | 2 | @a高等师范院校新世纪教材@i生命科学系列 |
| 312 | @a英文并列题名取自封面。 | |
| 320 | @a有书目 (第227页)。 | |
| 330 | @a本书对遗传学的基本概念和原理进行系统的介绍,并从个体水平、细胞水平和分子水平出发对遗传学进行集中的讨论。 | |
| 410 | 0 | @12001 @a高等师范院校新世纪教材 |
| 410 | 0 | @12001 @a生命科学系列 |
| 510 | 1 | @aGeneral genetics@zeng |
| 606 | 0 | @a遗传学@x高等师范教育@x教材 |
| 690 | @aQ3@v4 | |
| 701 | 0 | @a张飞雄@Azhang fei xiong@4主编 |
| 801 | 0 | @aCN@bQSSK@c20051110 |
| 905 | @a10447@dQ3@eZ107 | |
| 普通遗传学/张飞雄主编.-北京:科学出版社,2004.09 |
| 227页:图;30cm.-(高等师范院校新世纪教材.生命科学系列) |
| ISBN 7-03-014129-6:CNY24.00 |
| 本书对遗传学的基本概念和原理进行系统的介绍,并从个体水平、细胞水平和分子水平出发对遗传学进行集中的讨论。 |
| ● |
| 相关链接 |
|
|
|
正题名:普通遗传学
索取号:Q3/Z107
 
预约/预借
| 序号 | 登录号 | 条形码 | 馆藏地/架位号 | 状态 | 备注 |
| 1 | 574011 | 205740117 | 自科二线504/504自科库 37排2列5层/ [索取号:Q3/Z107] | 在馆 | |
| 2 | 574012 | 205740126 | 自科二线504/504自科库 37排2列5层/ [索取号:Q3/Z107] | 在馆 | |
| 3 | 574013 | 205740135 | 自科二线504/504自科库 37排2列5层/ [索取号:Q3/Z107] | 在馆 |